000 00356nam a22001337a 4500
020 _a9788120334656
082 _222
_a537.21
100 _aPramanik, Ashutosh.
245 _aElectromagnetism :
_btheory and application /
250 _a2 nd.
260 _aNew Delhi,
_bPrentnice Hall,
_cc2008.
300 _axxvii,991 p. .;
_bill. ;
_c24 cm.
942 _2ddc
_cEE
_04
999 _c1933
_d1933